| 000 | 00762nam a22001817a 4500 | ||
|---|---|---|---|
| 999 |
_c61576 _d61576 |
||
| 005 | 20240326105406.0 | ||
| 008 | 240326c2003 ge ||||| |||| 00| 0 geo d | ||
| 022 | _a1512-0597 | ||
| 041 | _ageo | ||
| 245 |
_aციხიაგორის სატაძრო კომპლექსი : _b2003. _cგიორგი ცქიტიშვილი; რედაქტორი ზ. მახარაძე. |
||
| 260 |
_aთბილისი, _c2003. |
||
| 300 | _aV. | ||
| 653 | _a ციხიაგორის სატაძრო კომპლექსი | ||
| 653 | _aარქეოლოგია | ||
| 653 | _aპერიოდიკა | ||
| 700 |
_aმახარაძე, ზ. _eრედაქტორი _91800 |
||
| 942 |
_2udc _cCR |
||